000 00714nam a2200289Ia 4500
005 20260324134013.0
008 008 260324s9999 xx 000 0 eng d
020 _a9780429177774
037 _aEBOOK
040 _aCRL
040 _beng
040 _cCRL
041 _2eng
041 _aeng
084 _qCRL
100 _aLowell Dye
_91195209
245 0 _aManaging Multiple Projects
245 0 _bPlanning, Scheduling, and Allocating Resources for Competitive Advantage
260 _bTaylor and Francis
260 _c2002
365 _a
365 _b260
856 _uhttp://www.taylorfrancis.com/books/9780429177774
942 _cEBOOK
999 _c1794829
_d1794829